A könyvtárak nyilvánossága a 16-18. században
Elmentve itt :
| Szerző: | |
|---|---|
| Dokumentumtípus: | Könyv része |
| Megjelent: |
Pécsi Tudományegyetem Egyetemi Könyvtár és Tudásközpont
Pécs
2016
|
| Sorozat: | A Pécsi Egyetemi Könyvtár kiadványai
Tudomány és kutatás a 240 éves Klimo könyvtárban |
| mtmt: | 3164459 |
| Online Access: | http://publicatio.bibl.u-szeged.hu/10476 |
| LEADER | 00796naa a2200205 i 4500 | ||
|---|---|---|---|
| 001 | publ10476 | ||
| 005 | 20190612100220.0 | ||
| 008 | 170206s2016 hu o 0|| zxx d | ||
| 020 | |a 978-963-429-059-9 | ||
| 022 | |a 1587-5202 | ||
| 024 | 7 | |a 3164459 |2 mtmt | |
| 040 | |a SZTE Publicatio Repozitórium |b hun | ||
| 041 | |a zxx | ||
| 100 | 1 | |a Monok István | |
| 245 | 1 | 2 | |a A könyvtárak nyilvánossága a 16-18. században |h [elektronikus dokumentum] / |c Monok István |
| 260 | |a Pécsi Tudományegyetem Egyetemi Könyvtár és Tudásközpont |b Pécs |c 2016 | ||
| 300 | |a 13-23 | ||
| 490 | 0 | |a A Pécsi Egyetemi Könyvtár kiadványai | |
| 490 | 0 | |a Tudomány és kutatás a 240 éves Klimo könyvtárban | |
| 856 | 4 | 0 | |u http://publicatio.bibl.u-szeged.hu/10476/1/Monok_konyvtarak_nyilvanossaga_2016.pdf |z Dokumentum-elérés |